[Event "OP-2022-0-05278"]
[Site "LSS email"]
[Date "2022.04.14"]
[Round "?"]
[White "Seryakov, Alex"]
[Black "Swiatek, Janusz"]
[Result "1/2-1/2"]
[WhiteElo "2027"]
[BlackElo "1938"]
[PlyCount "55"]
[EventDate "2022.04.01"]
[EventType "tourn (corr)"]
[EventRounds "4"]
[EventCountry "GER"]
[SourceTitle "Corr 2024"]
[Source "ChessBase"]
[SourceDate "2023.10.19"]
[SourceVersion "1"]
[SourceVersionDate "2023.10.19"]
[SourceQuality "1"]

1. e4 c6 2. d4 d5 3. e5 c5 4. dxc5 e6 5. a3 Bxc5 6. Nf3 Nd7 7. c4 Ne7 8. Nc3 0-0 9. Bd3 Qc7 10. 0-0 Nxe5 11. Bxh7+ Kxh7 12. Ng5+ Kg6 13. Ne2 Nf5 14. b4 Bd4 15. Nxd4 Qxc4 16. Bb2 Nxd4 17. Bxd4 Qd3 18. Nxf7 Rxf7 19. Bxe5 Qxd1 20. Rfxd1 Bd7 21. Rd4 Rc8 22. Re1 Rc4 23. Rxc4 dxc4 24. Bc3 Rf5 25. Re4 Kf7 26. Rxc4 Bc6 27. h3 g6 28. Rg4 1/2-1/2

[Event "LSS SA-2022-0-00791"]
[Site "LSS email"]
[Date "2022.02.16"]
[Round "?"]
[White "Baltar, Antoni"]
[Black "Seryakov, Alex"]
[Result "1/2-1/2"]
[WhiteElo "2031"]
[BlackElo "2005"]
[PlyCount "54"]
[EventDate "2022.01.20"]
[EventType "tourn (corr)"]
[EventRounds "6"]
[EventCountry "GER"]
[SourceTitle "Corr 2024"]
[Source "ChessBase"]
[SourceDate "2023.10.19"]
[SourceVersion "1"]
[SourceVersionDate "2023.10.19"]
[SourceQuality "1"]

1. e4 e5 2. f4 exf4 3. Nf3 g5 4. Nc3 d6 5. d4 g4 6. Bxf4 gxf3 7. Qxf3 Nc6 8. Bb5 Bd7 9. 0-0-0 h5 10. Rhf1 Bg4 11. Qe3 Bxd1 12. d5 Bg4 13. e5 Kd7 14. Ne4 dxe5 15. dxc6+ bxc6 16. Qd3+ Ke7 17. Qa3+ Ke8 18. Bxc6+ Bd7 19. Qc3 Rh6 20. Bg5 Bxc6 21. Bxd8 Rxd8 22. Qxe5+ Be7 23. Qg7 Bxe4 24. Qxg8+ Kd7 25. Qxf7 Rd6 26. Qxh5 Kc8 27. h4 Bf8 1/2-1/2

[Event "LSS SA-2022-0-00791"]
[Site "LSS email"]
[Date "2022.02.16"]
[Round "?"]
[White "Seryakov, Alex"]
[Black "Kazimierski, Tomasz"]
[Result "1/2-1/2"]
[WhiteElo "2005"]
[BlackElo "2169"]
[PlyCount "41"]
[EventDate "2022.01.20"]
[EventType "tourn (corr)"]
[EventRounds "6"]
[EventCountry "GER"]
[SourceTitle "Corr 2024"]
[Source "ChessBase"]
[SourceDate "2023.10.19"]
[SourceVersion "1"]
[SourceVersionDate "2023.10.19"]
[SourceQuality "1"]

1. d4 d5 2. c4 e6 3. Nc3 Nf6 4. cxd5 exd5 5. Bg5 Be7 6. e3 h6 7. Bh4 c6 8. Bd3 0-0 9. Nge2 a5 10. 0-0 Nbd7 11. h3 Re8 12. Rc1 Nh5 13. Bxe7 Qxe7 14. Re1 Qd8 15. Qc2 Nf8 16. Kh2 g6 17. Ng1 Nh7 18. g3 Ng7 19. f3 Qf6 20. Rcd1 h5 21. Qd2 1/2-1/2

[Event "LSS SA-2022-0-00791"]
[Site "LSS email"]
[Date "2022.02.16"]
[Round "?"]
[White "Seryakov, Alex"]
[Black "Martin, Simone"]
[Result "1/2-1/2"]
[WhiteElo "2005"]
[BlackElo "2133"]
[PlyCount "47"]
[EventDate "2022.01.20"]
[EventType "tourn (corr)"]
[EventRounds "6"]
[EventCountry "GER"]
[SourceTitle "Corr 2024"]
[Source "ChessBase"]
[SourceDate "2023.10.19"]
[SourceVersion "1"]
[SourceVersionDate "2023.10.19"]
[SourceQuality "1"]

1. d4 Nf6 2. c4 g6 3. Nc3 d5 4. h3 Bg7 5. Nf3 0-0 6. cxd5 Nxd5 7. e4 Nxc3 8. bxc3 c5 9. Be2 Nc6 10. Be3 cxd4 11. cxd4 Qa5+ 12. Bd2 Qa3 13. d5 Nd4 14. Nxd4 Bxd4 15. 0-0 Bxa1 16. Qxa1 f6 17. Rb1 Qc5 18. Qb2 Bd7 19. Bb4 Qb6 20. Bxe7 Qxb2 21. Rxb2 Rfe8 22. d6 Bc6 23. Bxf6 Rxe4 24. Rd2 1/2-1/2

[Event "OP-2021-0-05137"]
[Site "LSS email"]
[Date "2021.05.05"]
[Round "?"]
[White "Seryakov, Alex"]
[Black "Gonzalez Castells, Jose Maria"]
[Result "1-0"]
[WhiteElo "1894"]
[BlackElo "1449"]
[PlyCount "104"]
[EventDate "2021.04.30"]
[EventType "tourn (corr)"]
[EventRounds "4"]
[EventCountry "GER"]
[SourceTitle "Corr 2024"]
[Source "ChessBase"]
[SourceDate "2023.10.19"]
[SourceVersion "1"]
[SourceVersionDate "2023.10.19"]
[SourceQuality "1"]

1. c4 Nf6 2. Nc3 e6 3. Nf3 Bb4 4. Qc2 0-0 5. a3 Bxc3 6. Qxc3 d6 7. d4 Nc6 8. Bg5 h6 9. Bh4 g5 10. Bg3 Ne4 11. Qc2 f5 12. e3 Kg7 13. d5 Ne7 14. dxe6 Nc6 15. Bd3 Nxg3 16. hxg3 Bxe6 17. 0-0 Qf6 18. Rad1 Rad8 19. b4 g4 20. Nh4 Ne5 21. Be2 c5 22. Qa4 a6 23. bxc5 dxc5 24. Qa5 Qe7 25. Qb6 Kg8 26. a4 Rfe8 27. a5 Rf8 28. Rfe1 h5 29. Bf1 Rxd1 30. Rxd1 Re8 31. Be2 Rc8 32. Kh2 Re8 33. Bd3 Rf8 34. Bc2 Nxc4 35. Qb1 Qf7 36. Bb3 Kh7 37. Bxc4 Bxc4 38. e4 Ba2 39. Qb6 fxe4 40. Rd6 Qg7 41. Rg6 Qf7 42. Qxc5 Bd5 43. Rd6 Be6 44. Rxe6 Qxe6 45. Qxf8 e3 46. fxe3 Qh6 47. Qe8 Qf6 48. e4 Qg7 49. e5 b6 50. e6 Qg8 51. Qd7+ Kh6 52. e7 bxa5 1-0

[Event "SB-2021-0-00611"]
[Site "LSS email"]
[Date "2021.03.08"]
[Round "?"]
[White "Seryakov, Alex"]
[Black "Herzog, Mathias"]
[Result "1/2-1/2"]
[WhiteElo "1807"]
[BlackElo "1780"]
[PlyCount "43"]
[EventDate "2021.01.19"]
[EventType "tourn (corr)"]
[EventRounds "6"]
[EventCountry "GER"]
[SourceTitle "Corr 2024"]
[Source "ChessBase"]
[SourceDate "2023.10.19"]
[SourceVersion "1"]
[SourceVersionDate "2023.10.19"]
[SourceQuality "1"]

1. c4 e5 2. Nc3 Nf6 3. Nf3 Nc6 4. e4 Bb4 5. d3 d6 6. a3 Bxc3+ 7. bxc3 0-0 8. g3 Rb8 9. a4 b6 10. Bg2 Nd7 11. Nh4 Nc5 12. 0-0 Na5 13. Be3 Kh8 14. Nf5 f6 15. f4 Qe8 16. h4 Rf7 17. Kh2 Be6 18. Qc2 Rd8 19. Bf2 exf4 20. gxf4 Bxf5 21. exf5 Re7 22. Rae1 1/2-1/2

[Event "RC-2021-0-00251"]
[Site "LSS email"]
[Date "2021.02.14"]
[Round "?"]
[White "Seryakov, Alex"]
[Black "Brayman, Neal Zvi"]
[Result "1-0"]
[WhiteElo "1777"]
[BlackElo "1684"]
[PlyCount "77"]
[EventDate "2020.10.14"]
[EventType "tourn (corr)"]
[EventRounds "6"]
[EventCountry "GER"]
[SourceTitle "Corr 2022"]
[Source "ChessBase"]
[SourceDate "2021.10.24"]
[SourceVersion "1"]
[SourceVersionDate "2021.10.24"]
[SourceQuality "1"]

1. Nf3 d5 2. d4 Nc6 3. c4 Bg4 4. cxd5 Bxf3 5. gxf3 Qxd5 6. e3 e5 7. Nc3 Bb4 8. Bd2 Bxc3 9. bxc3 Qd6 10. Qb3 Nf6 11. Bc1 0-0-0 12. Rb1 b6 13. Ba3 Qd7 14. Bb5 Kb7 15. Qa4 Qe6 16. Bxc6+ Qxc6 17. Qxc6+ Kxc6 18. dxe5 Nd7 19. f4 f6 20. exf6 Nxf6 21. Rg1 Rd7 22. Rd1 Rxd1+ 23. Kxd1 g6 24. Kc2 Re8 25. Bc1 Re7 26. f3 Ne8 27. Rg5 Ng7 28. e4 Rf7 29. h4 Ne6 30. Rg4 Ng7 31. c4 a6 32. Kd3 Rd7+ 33. Ke3 Ne8 34. h5 gxh5 35. Rg1 Nd6 36. f5 Nxc4+ 37. Kf4 Kd6 38. Rh1 Ne5 39. Bd2 1-0

[Event "SC-2021-0-00400"]
[Site "LSS email"]
[Date "2021.02.12"]
[Round "?"]
[White "Knoeppel, Bjoern"]
[Black "Seryakov, Alex"]
[Result "1/2-1/2"]
[WhiteElo "1763"]
[BlackElo "1777"]
[PlyCount "42"]
[EventDate "2020.10.13"]
[EventType "tourn (corr)"]
[EventRounds "6"]
[EventCountry "GER"]
[SourceTitle "Corr 2024"]
[Source "ChessBase"]
[SourceDate "2023.10.19"]
[SourceVersion "1"]
[SourceVersionDate "2023.10.19"]
[SourceQuality "1"]

1. e4 e5 2. Nf3 Nc6 3. Bc4 Bc5 4. c3 Nf6 5. d3 a5 6. 0-0 d6 7. Re1 0-0 8. Nbd2 Ba7 9. Nf1 Be6 10. Bb3 h6 11. Be3 Bxe3 12. Nxe3 Ne7 13. Bxe6 fxe6 14. a4 Qe8 15. Qb3 Ng6 16. g3 Nxe4 17. dxe4 Rxf3 18. Qxb7 Rb8 19. Qxc7 Rxb2 20. Reb1 Rfxf2 21. Rxb2 Rxb2 1/2-1/2

[Event "SC-2021-0-00400"]
[Site "LSS email"]
[Date "2021.02.12"]
[Round "?"]
[White "Seryakov, Alex"]
[Black "Hrubaru, Mircea"]
[Result "1/2-1/2"]
[WhiteElo "1777"]
[BlackElo "1648"]
[PlyCount "37"]
[EventDate "2020.10.13"]
[EventType "tourn (corr)"]
[EventRounds "6"]
[EventCountry "GER"]
[SourceTitle "Corr 2024"]
[Source "ChessBase"]
[SourceDate "2023.10.19"]
[SourceVersion "1"]
[SourceVersionDate "2023.10.19"]
[SourceQuality "1"]

1. c4 Nf6 2. Nc3 e6 3. e4 d5 4. e5 d4 5. exf6 dxc3 6. bxc3 Qxf6 7. Nf3 e5 8. Bd3 Bd6 9. Be4 0-0 10. 0-0 h6 11. d4 exd4 12. cxd4 Nc6 13. Bb2 Re8 14. Qd3 Nb4 15. Qb1 Qf4 16. Bh7+ Kh8 17. c5 Bf8 18. Ne5 Nc6 19. Nxc6 1/2-1/2

[Event "OP-2014-0-03396"]
[Site "LSS email"]
[Date "2014.05.09"]
[Round "?"]
[White "Seryakov, Alex"]
[Black "Zabransky, Frantisek"]
[Result "1-0"]
[WhiteElo "1297"]
[BlackElo "1913"]
[PlyCount "87"]
[EventDate "2014.05.03"]
[EventType "tourn (corr)"]
[EventRounds "4"]
[EventCountry "GER"]
[SourceTitle "Corr 2015"]
[Source "ChessBase"]
[SourceDate "2015.07.17"]
[SourceVersion "1"]
[SourceVersionDate "2015.07.17"]
[SourceQuality "1"]

1. d4 Nf6 2. c4 c5 3. d5 b5 4. cxb5 a6 5. bxa6 Bxa6 6. Nc3 d6 7. Nf3 g6 8. e4 Bxf1 9. Kxf1 Nbd7 10. g3 Bg7 11. Kg2 0-0 12. a4 Ne8 13. Bg5 h6 14. Bd2 Nc7 15. a5 Qc8 16. Qc1 Kh7 17. h4 h5 18. Qc2 Qb7 19. Rhb1 Kg8 20. Ra4 Na6 21. Na2 Rfb8 22. Nc1 Ra7 23. b3 Nf6 24. Nd3 Nc7 25. Nf4 Qb5 26. Rc4 Na6 27. b4 Bh6 28. Nd3 Bxd2 29. Nxd2 cxb4 30. Nb3 Nxe4 31. Rxe4 Qxd5 32. Nf4 Qa8 33. Kg1 e5 34. Nh3 Nc7 35. Rd1 Ne8 36. Rc4 Ra6 37. Ng5 Qb7 38. Rd3 Qa8 39. Rf3 f5 40. g4 d5 41. gxf5 Rf6 42. Rc5 e4 43. Rg3 Nd6 44. Nd4 1-0

[Event "RF-2014-0-00184"]
[Site "LSS email"]
[Date "2014.04.28"]
[Round "?"]
[White "Chandler, Mark"]
[Black "Seryakov, Alex"]
[Result "0-1"]
[WhiteElo "1171"]
[BlackElo "1607"]
[PlyCount "28"]
[EventDate "2014.03.19"]
[EventType "tourn (corr)"]
[EventRounds "6"]
[EventCountry "GER"]
[SourceTitle "Corr 2022"]
[Source "ChessBase"]
[SourceDate "2021.10.24"]
[SourceVersion "1"]
[SourceVersionDate "2021.10.24"]
[SourceQuality "1"]

1. e4 e5 2. Nf3 Nc6 3. d4 exd4 4. Nxd4 Nf6 5. Nxc6 bxc6 6. e5 Qe7 7. Qe2 Nd5 8. c4 Ba6 9. b3 g6 10. Ba3 Nb4 11. Qe4 Bg7 12. f4 f6 13. Be2 f5 14. Bxb4 Qxb4+ 0-1

[Event "RF-2014-0-00184"]
[Site "LSS email"]
[Date "2014.04.28"]
[Round "?"]
[White "Seryakov, Alex"]
[Black "Schoenbuchner, Gert"]
[Result "1-0"]
[WhiteElo "1607"]
[BlackElo "1158"]
[PlyCount "41"]
[EventDate "2014.03.19"]
[EventType "tourn (corr)"]
[EventRounds "6"]
[EventCountry "GER"]
[SourceTitle "Corr 2022"]
[Source "ChessBase"]
[SourceDate "2021.10.24"]
[SourceVersion "1"]
[SourceVersionDate "2021.10.24"]
[SourceQuality "1"]

1. e4 e5 2. Nf3 d6 3. d4 exd4 4. Nxd4 Nf6 5. Nc3 Be7 6. Bf4 0-0 7. Qd2 Be6 8. 0-0-0 Nc6 9. Nxe6 fxe6 10. Bc4 Qd7 11. Bg3 Rfd8 12. e5 Nh5 13. Qe2 Nxg3 14. hxg3 d5 15. Nxd5 exd5 16. Qe4 Bg5+ 17. f4 Be7 18. Qxh7+ Kf8 19. Qh8+ Kf7 20. Qh5+ Kf8 21. Rxd5 1-0